000
00291nam a2200121Ia 4500
008
190216s9999||||xx |||||||||||||| ||und||
100
_a
Manmohan & Goyal S N
245
0
_a
Principles Of Management Accounting
260
_b
Null
_c
1977
300
_a
244p
650
_a
Commerce
942
_c
BK
999
_c
4180
_d
4180